Emerging Issues in asia proceeding of he second iuappa regional conference on air pollution (Record no. 542846)
[ view plain ]
| 000 -LEADER | |
|---|---|
| fixed length control field | 00447nam a22001337a 4500 |
| 082 ## - DEWEY DECIMAL CLASSIFICATION NUMBER | |
| Classification number | 63.7392 |
| Author Mark | EME |
| -- | D |
| 100 ## - MAIN ENTRY--PERSONAL NAME | |
| Personal name | Kang-rae cho |
| 9 (RLIN) | 38198 |
| 245 ## - TITLE STATEMENT | |
| Title | Emerging Issues in asia proceeding of he second iuappa regional conference on air pollution |
| Remainder of title | Kang-rae cho , dong-sool kim |
| 260 ## - PUBLICATION, DISTRIBUTION, ETC. | |
| Place of publication, distribution, etc. | Seoul, korea |
| Name of publisher, distributor, etc. | The world bank washington, D.C |
| 300 ## - PHYSICAL DESCRIPTION | |
| Extent | v, 379 p.: |
| 526 ## - STUDY PROGRAM INFORMATION NOTE | |
| Program name | 0 |
| Interest level | 0 |
| Reading level | 0 |
| Title point value | 63_739200000000000_EME |
| 650 ## - SUBJECT ADDED ENTRY--TOPICAL TERM | |
| Topical term or geographic name entry element | MCE (D) |
| 942 ## - ADDED ENTRY ELEMENTS (KOHA) | |
| Source of classification or shelving scheme | |
| Koha item type | Book |
| Withdrawn status | Lost status | Source of classification or shelving scheme | Damaged status | Not for loan | Permanent Location | Current Location | Date acquired | Total Checkouts | Full call number | Barcode | Date last seen | Price effective from | Koha item type | Public note |
|---|---|---|---|---|---|---|---|---|---|---|---|---|---|---|
| Military College of Engineering (MCE) | Military College of Engineering (MCE) | 02/20/2014 | 63.7392 EME | MCE-42462 | 02/20/2014 | 03/14/2021 | Book | V-1 |
